আমার অবিশ্বাস / (Record no. 5972)
[ view plain ]
| 000 -LEADER | |
|---|---|
| fixed length control field | 00648nam a22001937a 4500 |
| 003 - CONTROL NUMBER IDENTIFIER | |
| control field | BUBTL |
| 008 - FIXED-LENGTH DATA ELEMENTS--GENERAL INFORMATION | |
| fixed length control field | 190410b xxu||||| |||| 00| 0 eng d |
| 020 ## - INTERNATIONAL STANDARD BOOK NUMBER | |
| International Standard Book Number | 984-401-412-3 |
| 082 ## - DEWEY DECIMAL CLASSIFICATION NUMBER | |
| Classification number | 891.444 / AZA |
| 100 ## - MAIN ENTRY--PERSONAL NAME | |
| 9 (RLIN) | 2275 |
| Personal name | আজাদ, হুমায়ুন |
| 245 ## - TITLE STATEMENT | |
| Title | আমার অবিশ্বাস / |
| Statement of responsibility, etc. | হুমায়ুন আজাদ |
| 250 ## - EDITION STATEMENT | |
| Edition statement | 2nd ed. |
| 260 ## - PUBLICATION, DISTRIBUTION, ETC. (IMPRINT) | |
| Place of publication, distribution, etc. | ঢাকা : |
| Name of publisher, distributor, etc. | আগামী প্রকাশনী, |
| Date of publication, distribution, etc. | c2012 |
| 300 ## - PHYSICAL DESCRIPTION | |
| Extent | 148 p. : |
| Dimensions | 22 cm. |
| 650 #0 - SUBJECT ADDED ENTRY--TOPICAL TERM | |
| 9 (RLIN) | 1689 |
| Topical term or geographic name as entry element | বাংলা সাহিত্য |
| 856 ## - ELECTRONIC LOCATION AND ACCESS | |
| Password | 0 |
| Logon | 0 |
| Link text | Download |
| 942 ## - ADDED ENTRY ELEMENTS (KOHA) | |
| Source of classification or shelving scheme | |
| Koha item type | Books |
| Withdrawn status | Lost status | Source of classification or shelving scheme | Damaged status | Not for loan | Collection code | Permanent location | Current location | Shelving location | Date acquired | Inventory number | Total Checkouts | Full call number | Barcode | Date last seen | Copy number | Price effective from | Koha item type |
|---|---|---|---|---|---|---|---|---|---|---|---|---|---|---|---|---|---|
| Fiction | Bangladesh University of Business and Technology Library | Bangladesh University of Business and Technology Library | Fiction | 17348 | 891.444 / AZA | BUBTL-200317348 | 04/10/2019 | C-1 | 04/10/2019 | Books |
